000 00989nam a2200265 4500
003 MX-MxINE
005 20260601193858.0
008 260422b2011 mx a|||| |||| 00| 0 spa d
040 _aICI
_bspa
_cICI
_erda
041 _aspa
050 _aF1386.3
_bN84 2011
100 _eautor
245 _aNueva guía del Centro Histórico de México
_c[autor no identificado].
264 _aMéxico
_b[editorial no identificada]
_c2011.
300 _a285 páginas
_bilustraciones
_c24 cm
336 _2rdacontent
_atexto
337 _2rdamedia
_asin medio
338 _2rdacarrier
_avolumen
520 _aGuía descriptiva del Centro Histórico de la Ciudad de México que aborda su historia, arquitectura, patrimonio cultural y puntos de interés.
650 _aCentros históricos
_zMéxico
_933381
650 _aArquitectura
_zCiudad de México
_97558
650 _aTurismo cultural
_zCiudad de México.
_933382
651 _aCiudad de México
_xDescripción y viajes.
_92418
942 _2ddc
_n0
_cB
999 _c22131
_d22131